书目信息 |
| 题名: |
成都吃喝玩乐全攻略
|
|
| 作者: | 《吃喝玩乐全攻略》编辑部编著 | |
| 分册: | ||
| 出版信息: | 桂林 广西师范大学出版社 2013 |
|
| 页数: | 185页 | |
| 开本: | 22cm | |
| 丛书名: | ||
| 单 册: | ||
| 中图分类: | K928.971 | |
| 科图分类: | ||
| 主题词: | 旅游指南--成都 , 旅游指南 | |
| 电子资源: | ||
| ISBN: | 978-7-5495-1113-6 | |
| 000 | 00841nam0 2200241 450 | |
| 001 | 012015012583 | |
| 005 | 20150604155815.0 | |
| 010 | @a978-7-5495-1113-6@dCNY48.00 | |
| 100 | @a20150620d2013 em y0chiy50 ea | |
| 101 | 0 | @achi |
| 102 | @aCN@b450000 | |
| 105 | @aa z 001yy | |
| 106 | @ar | |
| 200 | 1 | @a成都吃喝玩乐全攻略@Acheng du chi he wan le quan gong lue@f《吃喝玩乐全攻略》编辑部编著 |
| 210 | @a桂林@c广西师范大学出版社@d2013 | |
| 215 | @a185页@c彩照@d22cm | |
| 300 | @a吃喝玩乐全攻略系列图书 2013-2014最新全彩版 | |
| 330 | @a本书介绍了天府广场、盐市口、总府路、春熙路、骡马市、人民公园、宽窄巷子等成都人气热地的吃玩赏买项目。 | |
| 606 | 0 | @a旅游指南@y成都 |
| 606 | 0 | @a旅游指南 |
| 690 | @aK928.971@v5 | |
| 801 | 0 | @aCN@b碧洲教育@c20150812 |
| 905 | @a10447@b208484013@b208484040@b208484031@b208484022@f4@dK928.971.1@e825 | |
| 成都吃喝玩乐全攻略/《吃喝玩乐全攻略》编辑部编著.-桂林:广西师范大学出版社,2013 |
| 185页:彩照;22cm |
| 吃喝玩乐全攻略系列图书 2013-2014最新全彩版 |
| ISBN 978-7-5495-1113-6:CNY48.00 |
| 本书介绍了天府广场、盐市口、总府路、春熙路、骡马市、人民公园、宽窄巷子等成都人气热地的吃玩赏买项目。 |
| ● |
| 相关链接 |
|
|
|
|
正题名:成都吃喝玩乐全攻略
索取号:K928.971.1/825
 
预约/预借
| 序号 | 登录号 | 条形码 | 馆藏地/架位号 | 状态 | 备注 |
| 1 | 0848401 | 208484013 | 第二借阅区/ [索取号:K928.971.1/825] | 在馆 | |
| 2 | 0848402 | 208484022 | 第二借阅区/ [索取号:K928.971.1/825] | 在馆 | |
| 3 | 0848403 | 208484031 | 第二借阅区/ [索取号:K928.971.1/825] | 在馆 | |
| 4 | 0848404 | 208484040 | 第二借阅区/ [索取号:K928.971.1/825] | 在馆 | |
| 5 | 862075 | 208620759 | 第二样本阅览室/ [索取号:K928.971.1/825] | 在馆 | |
| 6 | 862076 | 208620768 | 第二借阅区/ [索取号:K928.971.1/825] | 在馆 | |
| 7 | 862077 | 208620777 | 第二借阅区/ [索取号:K928.971.1/825] | 在馆 | |
| 8 | 862078 | 208620786 | 密集书库-资源管理系/ [索取号:K928.971.1/825] | 在馆 |